[Event "SVK-chT2B 2223"]
[Site "Slovakia"]
[Date "2023.03.26"]
[Round "11.7"]
[White "Papp, Gabor3333"]
[Black "Kulich, Daniel"]
[Result "0-1"]
[WhiteElo "1617"]
[BlackElo "1826"]
[PlyCount "58"]
[EventDate "2022.10.08"]
[EventType "team-tourn"]
[EventRounds "11"]
[EventCountry "SVK"]
[SourceTitle "EXT 2024"]
[Source "ChessBase"]
[SourceDate "2023.10.10"]
[SourceVersion "1"]
[SourceVersionDate "2023.10.10"]
[SourceQuality "1"]
[WhiteTeam "Levice II"]
[BlackTeam "Povazske Podhradie"]
[WhiteTeamCountry "SVK"]
[BlackTeamCountry "SVK"]

1. d4 Nf6 2. c4 c5 3. d5 b5 4. cxb5 a6 5. bxa6 g6 6. Nc3 Bg7 7. e4 0-0 8. Nf3 Qa5 9. Qc2 Nxe4 10. Bd2 Nxd2 11. Nxd2 Nxa6 12. Nc4 Qc7 13. g3 Nb4 14. Qd2 Ba6 15. Ne3 f5 16. Bxa6 Rxa6 17. 0-0 Rb6 18. Nc4 Rbb8 19. a3 Na6 20. Rfe1 d6 21. Ne2 Qb7 22. Nf4 Bh6 23. Qe3 Rf7 24. Rad1 Nc7 25. Qd3 Bxf4 26. gxf4 Qb5 27. Qc3 Qa4 28. Qd3 Rb3 29. Qc2 Rg3+ 0-1

[Event "SVK-chT2B 2223"]
[Site "Slovakia"]
[Date "2023.02.12"]
[Round "9.8"]
[White "Galla, Richard"]
[Black "Kulich, Daniel"]
[Result "1/2-1/2"]
[WhiteElo "1653"]
[BlackElo "1826"]
[PlyCount "37"]
[EventDate "2022.10.08"]
[EventType "team-tourn"]
[EventRounds "11"]
[EventCountry "SVK"]
[SourceTitle "EXT 2024"]
[Source "ChessBase"]
[SourceDate "2023.10.10"]
[SourceVersion "1"]
[SourceVersionDate "2023.10.10"]
[SourceQuality "1"]
[WhiteTeam "Nove Zamky"]
[BlackTeam "Povazske Podhradie"]
[WhiteTeamCountry "SVK"]
[BlackTeamCountry "SVK"]

1. d4 Nf6 2. c4 c5 3. d5 e5 4. Nc3 d6 5. e4 Be7 6. Be2 0-0 7. g4 Ne8 8. Be3 Bg5 9. Qd2 Bxe3 10. Qxe3 Na6 11. h4 Bd7 12. g5 f5 13. gxf6 Qxf6 14. Qg3 Qf4 15. Nf3 Qxg3 16. fxg3 Bg4 17. Ng5 Bxe2 18. Kxe2 Nac7 19. Rhf1 1/2-1/2

[Event "SVK-chT2B 2223"]
[Site "Slovakia"]
[Date "2022.10.09"]
[Round "2.8"]
[White "Kulich, Daniel"]
[Black "Gyurenka, Adam"]
[Result "1/2-1/2"]
[WhiteElo "1826"]
[BlackElo "1693"]
[PlyCount "106"]
[EventDate "2022.10.08"]
[EventType "team-tourn"]
[EventRounds "11"]
[EventCountry "SVK"]
[SourceTitle "CBM 210 Extra"]
[Source "ChessBase"]
[SourceDate "2022.11.30"]
[SourceVersion "1"]
[SourceVersionDate "2022.11.30"]
[SourceQuality "1"]
[WhiteTeam "Povazske Podhradie"]
[BlackTeam "Komarno II"]
[WhiteTeamCountry "SVK"]
[BlackTeamCountry "SVK"]

1. e4 c5 2. Nf3 e6 3. d4 cxd4 4. Nxd4 Nf6 5. Bd3 d6 6. c4 Nc6 7. Be3 Be7 8. 0-0 0-0 9. Nc3 a6 10. Rc1 Bd7 11. Qe2 Re8 12. Rfd1 Rc8 13. f3 Qa5 14. Qf2 Ne5 15. Qe2 Kh8 16. h3 d5 17. Nb3 Qb4 18. cxd5 exd5 19. Nxd5 Nxd5 20. Rxc8 Rxc8 21. exd5 Bd6 22. Bd4 Re8 23. Bxe5 Rxe5 24. Qd2 Qxd2 25. Rxd2 Rxd5 26. Bc4 Rxd2 27. Nxd2 f5 28. Bd5 Bb4 29. Nc4 Bc6 30. Be6 g6 31. a3 Bc5+ 32. Kf1 Bd4 33. b3 b5 34. Na5 Be8 35. Bc8 Bc3 36. Nb7 Bb2 37. Nd6 Bc6 38. Bxa6 Bxa3 39. Nxb5 Bxb5+ 40. Bxb5 Kg7 41. Ke2 Kf6 42. f4 Bd6 43. Kf3 h6 44. g4 g5 45. gxf5 Kxf5 46. Bd7+ Kf6 47. f5 h5 48. Ke4 g4 49. hxg4 hxg4 50. Bb5 g3 51. Bf1 Bb4 52. Bh3 Be1 53. Kd5 g2 1/2-1/2

[Event "Liptovsky Jan op"]
[Site "Liptovsky Jan"]
[Date "2022.06.25"]
[Round "5"]
[White "Prochazka, Michal"]
[Black "Kulich, Daniel"]
[Result "0-1"]
[WhiteElo "1110"]
[BlackElo "1665"]
[PlyCount "62"]
[EventDate "2022.06.23"]
[EventType "swiss"]
[EventRounds "7"]
[EventCountry "SVK"]
[SourceTitle "CBM 209 Extra"]
[Source "ChessBase"]
[SourceDate "2022.09.30"]
[SourceVersion "1"]
[SourceVersionDate "2022.09.30"]
[SourceQuality "1"]

1. e4 c5 2. Nf3 a6 3. d4 cxd4 4. Nxd4 Nf6 5. Nc3 e5 6. Nf3 Nc6 7. Bc4 Bc5 8. 0-0 0-0 9. Bg5 h6 10. Bh4 d6 11. Qc1 Be6 12. Bb3 Bxb3 13. axb3 Kh7 14. Rd1 Rg8 15. Ra4 b5 16. Ra2 Nb4 17. Ra1 Qc8 18. Nd5 Nbxd5 19. exd5 Qg4 20. h3 Qf5 21. c4 g5 22. Bg3 Ne4 23. Kf1 Nxg3+ 24. fxg3 e4 25. Qb1 g4 26. hxg4 Rxg4 27. cxb5 Rxg3 28. Rxa6 Rxf3+ 29. Ke2 Rf2+ 30. Ke1 Bb4+ 31. Rd2 Rxd2 0-1

[Event "Liptovsky Jan op"]
[Site "Liptovsky Jan"]
[Date "2022.06.24"]
[Round "3.18"]
[White "Ziaran, Viliam"]
[Black "Kulich, Daniel"]
[Result "1-0"]
[WhiteElo "1846"]
[BlackElo "1665"]
[PlyCount "66"]
[EventDate "2022.06.23"]
[EventType "swiss"]
[EventRounds "7"]
[EventCountry "SVK"]
[SourceTitle "CBM 209 Extra"]
[Source "ChessBase"]
[SourceDate "2022.09.30"]
[SourceVersion "1"]
[SourceVersionDate "2022.09.30"]
[SourceQuality "1"]

1. d4 d5 2. e3 Bf5 3. Bd3 Bxd3 4. Qxd3 c6 5. Nf3 Nf6 6. Nbd2 e6 7. 0-0 Bd6 8. e4 dxe4 9. Nxe4 Be7 10. Bf4 0-0 11. h3 Nxe4 12. Qxe4 Bd6 13. Bg5 Be7 14. Bf4 Bd6 15. Ng5 g6 16. Nxe6 fxe6 17. Qxe6+ Rf7 18. Qxd6 Nd7 19. Rfe1 Rf6 20. Qc7 Qxc7 21. Bxc7 Raf8 22. f3 Nb6 23. Bxb6 axb6 24. Re7 R8f7 25. Rae1 Rd6 26. c3 c5 27. Rxf7 Kxf7 28. Re4 Kf6 29. Kf2 h5 30. h4 Rd8 31. Ke3 Rc8 32. g3 Kf5 33. a3 cxd4+ 1-0

[Event "SVK-chT3B2 2122"]
[Site "Slovakia"]
[Date "2022.04.03"]
[Round "7.3"]
[White "Motuzova, Marta"]
[Black "Kulich, Daniel"]
[Result "1/2-1/2"]
[WhiteElo "1781"]
[BlackElo "1648"]
[PlyCount "142"]
[EventDate "2021.10.24"]
[EventType "team-tourn"]
[EventRounds "11"]
[EventCountry "SVK"]
[SourceTitle "EXT 2024"]
[Source "ChessBase"]
[SourceDate "2023.10.10"]
[SourceVersion "1"]
[SourceVersionDate "2023.10.10"]
[SourceQuality "1"]
[WhiteTeam "Puchov Vcielka"]
[BlackTeam "Povazske Podhradie II"]
[WhiteTeamCountry "SVK"]
[BlackTeamCountry "SVK"]

1. d4 d5 2. c4 e6 3. Nc3 a6 4. e3 Nf6 5. Nf3 Be7 6. Be2 dxc4 7. Bxc4 b5 8. Be2 Bb7 9. 0-0 0-0 10. Ne5 c5 11. Bf3 Qc7 12. Bxb7 Qxb7 13. dxc5 Bxc5 14. Nd3 Bd6 15. Qe2 Rd8 16. h3 Nbd7 17. a3 Rac8 18. e4 Ne5 19. Rd1 h6 20. Bf4 Nxd3 21. Bxd6 Rxd6 22. Rxd3 Rxd3 23. Qxd3 Nd7 24. Rd1 Ne5 25. Qe2 Nc4 26. Rd3 b4 27. axb4 Qxb4 28. Nd1 Qb5 29. Rc3 Rd8 30. Rc2 Qb3 31. Qxc4 Qxc4 32. Rxc4 Rxd1+ 33. Kh2 Rd2 34. f3 Rxb2 35. Ra4 Rb6 36. Kg3 g5 37. h4 Kg7 38. hxg5 hxg5 39. Kg4 Kg6 40. g3 f5+ 41. exf5+ exf5+ 42. Kh3 Re6 43. Kg2 Kf6 44. Kf2 Rb6 45. Ke2 Ke6 46. Ke3 Ke5 47. Ra5+ Kf6 48. Ra4 Re6+ 49. Kf2 Ke7 50. Ra5 Rf6 51. Ke3 g4 52. Kf4 gxf3 53. Kxf3 Kf7 54. Kf4 Kg6 55. Kf3 Rb6 56. Kf4 Rc6 57. Ra4 Rb6 58. Ra5 Rb4+ 59. Kf3 Rb3+ 60. Kf4 Rb6 61. Kf3 Kg5 62. Ra3 Rc6 63. Kf2 Re6 64. Kf3 Rf6 65. Ra5 Rh6 66. Kg2 Rb6 67. Kf3 Rb3+ 68. Kf2 Kg4 69. Ra4+ Kg5 70. Rxa6 f4 71. gxf4+ Kxf4 1/2-1/2

[Event "EU Union-ch U14"]
[Site "Kouty nad Desnou"]
[Date "2021.08.22"]
[Round "9.3"]
[White "Kulich, Daniel"]
[Black "Kanov, Nikola"]
[Result "0-1"]
[WhiteElo "1621"]
[BlackElo "2199"]
[PlyCount "50"]
[EventDate "2021.08.14"]
[EventType "swiss"]
[EventRounds "9"]
[EventCountry "CZE"]
[SourceTitle "EXT 2022"]
[Source "ChessBase"]
[SourceDate "2021.10.06"]
[SourceVersion "1"]
[SourceVersionDate "2021.10.06"]
[SourceQuality "1"]

1. c4 e5 2. Nc3 Nc6 3. g3 Nf6 4. Bg2 Be7 5. e3 d6 6. Nge2 Bf5 7. 0-0 Qd7 8. a3 h5 9. h4 Ng4 10. f4 Bd3 11. b3 f5 12. Bb2 Qd8 13. Qe1 Na5 14. Nd5 Nxb3 15. Ra2 Nc5 16. fxe5 dxe5 17. Nxe7 Qxe7 18. Bc3 a5 19. Rb2 c6 20. Bh3 0-0 21. Bxg4 fxg4 22. Rxf8+ Rxf8 23. Nc1 Rf1+ 24. Qxf1 Bxf1 25. Kxf1 Qf6+ 0-1

[Event "EU Union-ch U14"]
[Site "Kouty nad Desnou"]
[Date "2021.08.20"]
[Round "7.4"]
[White "Kulich, Daniel"]
[Black "Chicarosie, Ioana Bianca"]
[Result "1-0"]
[WhiteElo "1621"]
[BlackElo "1594"]
[PlyCount "61"]
[EventDate "2021.08.14"]
[EventType "swiss"]
[EventRounds "9"]
[EventCountry "CZE"]
[SourceTitle "EXT 2022"]
[Source "ChessBase"]
[SourceDate "2021.10.06"]
[SourceVersion "1"]
[SourceVersionDate "2021.10.06"]
[SourceQuality "1"]

1. e4 e6 2. d4 d5 3. Nd2 Nf6 4. e5 Nfd7 5. Bd3 c5 6. c3 b6 7. Ne2 Ba6 8. Bxa6 Nxa6 9. 0-0 Be7 10. Nf4 0-0 11. Qg4 Kh8 12. Nh5 Rg8 13. f4 cxd4 14. cxd4 g6 15. Ng3 Nb4 16. Nf3 Nd3 17. Ng5 Qf8 18. Rf3 Nb4 19. Be3 Qg7 20. Nh1 h6 21. Rh3 Bxg5 22. fxg5 h5 23. Qf3 Rgc8 24. g4 Rc2 25. gxh5 gxh5 26. Qxh5+ Kg8 27. Rf1 Rf8 28. Rf6 Rxb2 29. Rh6 Rb1+ 30. Kg2 f5 31. Rg6 1-0

[Event "EU Union-ch U14"]
[Site "Kouty nad Desnou"]
[Date "2021.08.14"]
[Round "1.2"]
[White "Kulich, Daniel"]
[Black "Ciocani, Iosif"]
[Result "0-1"]
[WhiteElo "1621"]
[BlackElo "1981"]
[PlyCount "70"]
[EventDate "2021.08.14"]
[EventType "swiss"]
[EventRounds "9"]
[EventCountry "CZE"]
[SourceTitle "EXT 2022"]
[Source "ChessBase"]
[SourceDate "2021.10.06"]
[SourceVersion "1"]
[SourceVersionDate "2021.10.06"]
[SourceQuality "1"]

1. d4 Nf6 2. Nf3 g6 3. Bf4 Bg7 4. e3 0-0 5. Be2 d6 6. h3 Nbd7 7. 0-0 c6 8. Nbd2 Re8 9. Bh2 b5 10. c4 Qb6 11. Rc1 e5 12. cxb5 cxb5 13. Qb3 a6 14. Rfd1 Bb7 15. Qc2 Nd5 16. Nb3 e4 17. Ne1 f5 18. Qd2 a5 19. Na1 Bh6 20. Nac2 Rf8 21. f4 exf3 22. Bxf3 Rfe8 23. Bxd5+ Bxd5 24. Nd3 Nf6 25. Bf4 g5 26. Bg3 Rac8 27. Qf2 Be4 28. h4 Ng4 29. Qd2 gxh4 30. Bf4 d5 31. Bxh6 Qxh6 32. Re1 h3 33. g3 h2+ 34. Kf1 h1Q+ 35. Ke2 Qf3# 0-1

[Event "SVK-ch U14"]
[Site "Stara Lubovna"]
[Date "2021.06.30"]
[Round "6"]
[White "Kulich, Daniel"]
[Black "Polomsky, Tomas"]
[Result "1/2-1/2"]
[WhiteElo "1581"]
[BlackElo "1425"]
[PlyCount "82"]
[EventDate "2021.06.26"]
[EventType "swiss"]
[EventRounds "9"]
[EventCountry "SVK"]
[SourceTitle "CBM 203 Extra"]
[Source "ChessBase"]
[SourceDate "2021.09.30"]
[SourceVersion "1"]
[SourceVersionDate "2021.09.30"]
[SourceQuality "1"]

1. d4 e6 2. Nf3 f5 3. Nc3 Nf6 4. Bg5 Bb4 5. e3 Bxc3+ 6. bxc3 b6 7. Bd3 Bb7 8. 0-0 h6 9. Bxf6 Qxf6 10. Nd2 g5 11. e4 f4 12. e5 Qg7 13. Qh5+ Ke7 14. h3 Nc6 15. Ne4 Qf7 16. Qxf7+ Kxf7 17. Rab1 Ne7 18. Nf6 Rad8 19. Rfe1 Nd5 20. Nxd5 Bxd5 21. Be4 Bxe4 22. Rxe4 d5 23. Ree1 Rhe8 24. Kf1 h5 25. Ke2 c5 26. Kd3 c4+ 27. Ke2 Kg6 28. Kf3 Kf5 29. g4+ fxg3 30. fxg3 g4+ 31. hxg4+ hxg4+ 32. Kg2 Kg5 33. Rh1 Rh8 34. Rxh8 Rxh8 35. Rf1 Rh7 36. Rf6 Re7 37. Kf2 b5 38. Ke2 a5 39. Kd2 a4 40. Kc1 a3 41. Kd2 Rh7 1/2-1/2

[Event "SVK-ch U14"]
[Site "Stara Lubovna"]
[Date "2021.06.28"]
[Round "4"]
[White "Visvader, Kristof"]
[Black "Kulich, Daniel"]
[Result "0-1"]
[WhiteElo "1447"]
[BlackElo "1581"]
[PlyCount "38"]
[EventDate "2021.06.26"]
[EventType "swiss"]
[EventRounds "9"]
[EventCountry "SVK"]
[SourceTitle "CBM 203 Extra"]
[Source "ChessBase"]
[SourceDate "2021.09.30"]
[SourceVersion "1"]
[SourceVersionDate "2021.09.30"]
[SourceQuality "1"]

1. e4 c6 2. d4 d5 3. f3 dxe4 4. fxe4 e5 5. Nf3 Bg4 6. Bc4 Nd7 7. 0-0 Ngf6 8. dxe5 Bxf3 9. Qxf3 Nxe5 10. Qb3 Qd4+ 11. Be3 Qxc4 12. Qxb7 Rd8 13. Nc3 Bc5 14. Bxc5 Qxc5+ 15. Kh1 0-0 16. Rf5 Qd4 17. Ne2 Qxe4 18. Ng3 Qd4 19. Rg5 Qd1+ 0-1